| 000 | 00487nam a2200169Ia 4500 | ||
|---|---|---|---|
| 003 | GCL | ||
| 008 | 140319s9999 xx 000 0 ara d | ||
| 040 |
_aGCL / _cGCL |
||
| 082 | 0 | 4 |
_a658 _bط ا |
| 100 | 1 | _aطاهر مرسى عطية | |
| 245 | 1 | 0 |
_aاصول الادارة للطالب والمدير / _cطاهر مرسى عطية |
| 260 |
_a[S.N] : _bدار النهضة العربية ، _c1994 |
||
| 300 | _a345 ص | ||
| 490 | _a | ||
| 650 | 0 | 4 | _aالادارة |
| 942 |
_2ddc _cBK |
||
| 999 |
_c45972 _d45972 |
||